Principios de desarrollo económico
Na minha lista:
| Autor principal: | |
|---|---|
| Formato: | Livro |
| Idioma: | espanhol |
| Publicado em: |
Buenos Aires
Teas
1968
|
| Assuntos: | |
| Tags: |
Adicionar Tag
Sem tags, seja o primeiro a adicionar uma tag!
|
MARC
| LEADER | 00000nam a2200000 a 4500 | ||
|---|---|---|---|
| 001 | UCV4693 | ||
| 003 | CL-VaPUC | ||
| 008 | 910722e19680000AG |||||||||||||||||spa|d | ||
| 082 | 0 | 4 | |a 388.9 |b BRU |2 21 |
| 100 | 0 | |a Bruton, Henry J |e author |9 298885 | |
| 245 | 1 | 0 | |a Principios de desarrollo económico |
| 300 | |a 501 p | ||
| 942 | |c BK | ||
| 945 | |d 19910722 00:00:00 | ||
| 260 | |a Buenos Aires |b Teas |c 1968 | ||
| 650 | 0 | |a Desarrollo económico |9 259599 | |
| 583 | |a last modification |c 19910722 00:00:00 |k Rodrigo Vera | ||
| 999 | |c 211398 |d 211396 | ||
| 952 | |0 0 |1 0 |4 0 |6 388_900000000000000_BRU_1968 |7 0 |8 A |9 190579 |a BIBING |b BIBING |d 2019-11-14 |i 2583240 |o 388.9 BRU 1968 |p 2583240 |r 2025-01-20 |w 2019-11-14 |y BK |k TRA | ||
| 952 | |0 0 |1 0 |4 0 |6 388_900000000000000_BRU_1968 |7 0 |8 A |9 190580 |a BIBING |b BIBING |d 2019-11-14 |i 1641239 |o 388.9 BRU 1968 |p 1641239 |r 2025-01-20 |w 2019-11-14 |y BK |k TRA | ||